000 00341nam a2200121Ia 4500
003 GCL
008 140319s9999 xx 000 0 ara d
040 _aGCL /
_cGCL
082 0 4 _aط
_b813.02
_bع م
245 1 0 _aالفانوس السحرى
260 _a[S.N] :
_bدار المستقبل العربى
490 _aحكايات عدلى رزق
_v0
999 _c34858
_d34858